| 000 | 00772nam a2200181Ia 4500 | ||
|---|---|---|---|
| 001 | 15888 | ||
| 003 | GE_BSU | ||
| 008 | 181216s||||||||xx |||||||||||||| ||und|| | ||
| 040 | _cGE_BSU | ||
| 100 | _aჭავჭავაძე, ი. (ილია, 1837-1907) | ||
| 245 | _aთხზულებათა სრული კრებული : 10 ტომად | ||
| 245 | _bცხოვრება და კანონი | ||
| 245 | _cპ. ინგოროყვას რედ. [და შესავ. წერილით] | ||
| 653 | _aთხზულებათა სრული კრებული | ||
| 653 | _aსაქართველოს ისტორია; | ||
| 653 | _aცხოვრება და კანონი | ||
| 942 | _cBK | ||
| 999 |
_c48983 _d48983 |
||